000 00354nam a2200109Ia 4500
008 171204s9999 xx 000 0 und d
245 4 _aThe Wiley Handbook on the Cognitive Neuroscience of Learning:
245 _cRobert C. Honey and Robin A. Murphy
260 _c2016
650 _xNEURO PSYCHOLOGY
856 _uhttp://down.ebook777.com/044/1118650948.pdf
999 _c346458
_d346458